000 00403nam a2200133Ia 4500
008 151001s9999||||xx |||||||||||||| ||und||
100 _aदिनेश चमोला
245 _aश्रेष्ठ बाल कहानियाँ
250 _a1
260 _bस्वस्तिक पब्लिकेशन हाउस
260 _c2009
300 _a368
365 _b21
999 _c994341
_d994338